|
|
|
|
| LEADER |
01182nam a2200289 a 4500 |
| 001 |
27913 |
| 003 |
BD-DhAAL |
| 005 |
20190320171341.0 |
| 008 |
140319s2011 bg w 000 0 mul d |
| 999 |
|
|
|c 14207
|d 14207
|
| 040 |
|
|
|a BD-DhAAL
|c BD-DhAAL
|
| 082 |
0 |
0 |
|a 348.5492046
|2 22
|
| 130 |
0 |
|
|a Bangladesh Legal Decisions
|9 4020
|
| 245 |
0 |
0 |
|a Bangladesh legal decisions,
|n volume no. 32 /
|c editor Sheikh Muhammed Serajul Islam.
|
| 246 |
1 |
7 |
|a Bangladesh Legal Decisions.
|
| 246 |
0 |
|
|a BLD
|
| 260 |
|
|
|a Dhaka :
|b Bangladesh Bar Council,
|c 2012
|
| 300 |
|
|
|a Various pagings, :
|c 24 cm.
|
| 362 |
0 |
|
|a volume xxxii.
|
| 541 |
|
|
|e 27914
|
| 590 |
|
|
|a Published yearly.
|
| 650 |
|
0 |
|a Law reports, digests, etc.
|z Bangladesh.
|9 5827
|
| 700 |
1 |
|
|a Serajul Islam Sheikh Muhammed
|9 4022
|
| 852 |
4 |
|
|a Ayesha Abed Library
|j General shelf
|
| 942 |
|
|
|2 ddc
|c 1HOUR
|
| 952 |
|
|
|0 0
|1 0
|2 ddc
|4 0
|6 348_549204600000000_BAN
|7 0
|8 REF
|9 23980
|a BRACUL
|b BRACUL
|c REF
|d 2014-03-19
|l 0
|o 348.5492046 BAN
|p 3010027914
|r 2014-03-19
|t 2
|w 2014-03-19
|y 1HOUR
|
| 952 |
|
|
|0 0
|1 0
|2 ddc
|4 0
|6 348_549204600000000_BAN
|7 0
|8 REF
|9 23981
|a BRACUL
|b BRACUL
|c CIR
|d 2014-03-19
|l 1
|o 348.5492046 BAN
|p 3010027901
|r 2014-03-19
|s 2014-03-19
|t 1
|w 2014-03-19
|y 1HOUR
|